[Event "FIDE World Rapid Team"]
[Site "Almaty KAZ"]
[Date "2024.08.02"]
[Round "3.24"]
[White "Akylbek, Eskendir"]
[Black "Tynybekov, Bakyt"]
[Result "0-1"]
[WhiteElo "1603"]
[BlackElo "1795"]
[WhiteTeam "Abai Chess Team"]
[BlackTeam "Kyrgyz Chess Academy"]
[WhiteFideId "13747860"]
[BlackFideId "13803360"]
[EventDate "2024.08.02"]

1. d4 Nf6 2. c3 e6 3. Nd2 d5 4. e3 c5 5. Bd3 Nc6 6. f4 c4 7. Bc2 b5 8. Ngf3 b4
9. O-O Qa5 10. Ne5 Bd7 11. Nb1 b3 12. Nd2 bxc2 13. Qxc2 Be7 14. e4 Nxe5 15. fxe5
Nxe4 16. Nxe4 dxe4 17. Qxe4 Qd5 18. Qg4 g5 19. Qh5 Bc6 20. Rf2 O-O-O 21. b3 Rdf8
22. bxc4 Qxc4 23. Rb1 f6 24. exf6 Bxf6 25. Ba3 Bxd4 26. Bxf8 Bxf2+ 27. Kh1 Qe4
28. Rb8+ Kxb8 29. Bd6+ Ka8 0-1

[Event "FIDE World Rapid Team"]
[Site "Almaty KAZ"]
[Date "2024.08.02"]
[Round "3.25"]
[White "Khusnutdinov, Rustam"]
[Black "Tulegenov, Amir"]
[Result "1/2-1/2"]
[WhiteTitle "GM"]
[WhiteElo "2429"]
[BlackElo "1858"]
[WhiteTeam "Helicopter"]
[BlackTeam "Baiterekchess"]
[WhiteFideId "13701703"]
[BlackFideId "13742167"]
[EventDate "2024.08.02"]

1. e4 c5 2. Nf3 d6 3. d4 cxd4 4. Nxd4 Nf6 5. Nc3 g6 6. Bc4 Bg7 7. O-O O-O 8. Re1
Nc6 9. Nb3 Bg4 10. Be2 Bxe2 11. Qxe2 Rc8 12. Bg5 Ne5 13. Nd5 Nxd5 14. exd5 Re8
15. Rad1 Qc7 16. c3 Qc4 17. Rd4 Qxe2 18. Rxe2 e6 19. Rd1 exd5 20. Kf1 Nc4 21.
Rxe8+ Rxe8 22. Bc1 Re5 23. Nd4 Re4 24. f3 Re7 25. Nc2 Nb6 26. Kf2 Kf8 27. Bg5
Re5 28. Bf4 Re6 29. Nd4 Bxd4+ 30. Rxd4 Ke7 31. b3 Kd7 32. g4 Kc6 33. Be3 Nd7 34.
h3 Nc5 35. Rd2 a5 36. Bd4 b5 37. h4 a4 38. b4 Nd7 39. Re2 Ne5 40. Kg3 Nd3 41.
Rd2 Ne5 42. Re2 Nd3 43. Rd2 Ne5 44. Re2 Nc4 45. Kf2 Rxe2+ 46. Kxe2 Kd7 47. Kf2
Ke6 48. Kg3 Ne5 49. Kf4 Nd3+ 50. Ke3 Ne5 51. Kf4 Nd3+ 52. Ke3 Ne5 53. Kf4 Nc6
54. Kg5 Ne5 55. Kf4 1/2-1/2

[Event "FIDE World Rapid Team"]
[Site "Almaty KAZ"]
[Date "2024.08.02"]
[Round "3.26"]
[White "Primbetov, Nurassyl"]
[Black "Gubaydulin, Talgat"]
[Result "1-0"]
[BlackTitle "IM"]
[WhiteElo "1784"]
[BlackElo "2385"]
[WhiteTeam "Baiterekchess"]
[BlackTeam "Helicopter"]
[WhiteFideId "447010193"]
[BlackFideId "14202174"]
[EventDate "2024.08.02"]

1. e4 c5 2. Nf3 e6 3. d4 cxd4 4. Nxd4 Bc5 5. Nc3 Qb6 6. Na4 Qa5+ 7. c3 Bxd4 8.
Qxd4 Nf6 9. Be2 Nc6 10. Qc4 d6 11. O-O e5 12. f3 Be6 13. Qb5 Qc7 14. Be3 Bd7 15.
Qd3 b5 16. Qxb5 Nd4 17. cxd4 Bxb5 18. Bxb5+ Kf8 19. dxe5 dxe5 20. Rac1 Qa5 21.
Bc6 Rb8 22. b4 Rxb4 23. Bd2 Rxa4 24. Bxa5 Rxa5 25. a4 g5 26. h4 h6 27. hxg5 hxg5
28. Rb1 Kg7 29. Rb5 Ra6 30. Rc1 Rc8 31. Rbc5 Rb6 32. Bb5 Rxc5 33. Rxc5 a6 34.
Bf1 Nd7 35. Rd5 Nf8 36. Rxe5 Ne6 37. Bc4 Nd4 38. Rxg5+ Kf6 39. Rd5 Nc2 40. Rf5+
Kg7 41. Rxf7+ Kg6 42. Rd7 Ne3 43. Be2 Rb2 44. Kf2 Nc2 45. Rd2 a5 46. Bd1 Nb4 47.
Rxb2 Nd3+ 48. Ke3 Nxb2 49. Bb3 Kg5 50. Kd2 1-0

[Event "FIDE World Rapid Team"]
[Site "Almaty KAZ"]
[Date "2024.08.02"]
[Round "3.27"]
[White "Primbetov, Kazbek"]
[Black "Omarbek, Adlet"]
[Result "1-0"]
[WhiteTitle "FM"]
[WhiteElo "2059"]
[BlackElo "1713"]
[WhiteTeam "Helicopter"]
[BlackTeam "Baiterekchess"]
[WhiteFideId "13702297"]
[BlackFideId "13779842"]
[EventDate "2024.08.02"]

1. e4 c5 2. Nf3 e6 3. d3 Nc6 4. g3 Nge7 5. Bg2 g6 6. c3 Bg7 7. O-O O-O 8. d4
cxd4 9. cxd4 d5 10. e5 b6 11. Re1 Bb7 12. Nc3 Rc8 13. Bf4 Qd7 14. Qd2 Na5 15. b3
Rc7 16. Bf1 Rfc8 17. Rac1 a6 18. Na4 Nc4 19. Qd1 Bc6 20. Bxc4 Bxa4 21. Bxa6 Rxc1
22. Bxc1 Ra8 23. Bd3 Bb5 24. Bb1 Nc6 25. Bd2 Bf8 26. h4 Nb4 27. a4 Bc6 28. Nh2
b5 29. Ng4 Qa7 30. axb5 Bxb5 31. Nf6+ Kh8 32. Be3 Be7 33. h5 Bxf6 34. exf6 Qb8
35. hxg6 fxg6 36. Bf4 Qe8 37. Qg4 Bd7 38. Be5 Kg8 39. Kg2 Qf7 40. Rc1 Nc6 41.
Qe2 Re8 42. Bd3 Nb4 43. Bb5 Rc8 44. Rxc8+ Bxc8 45. Qd2 Qf8 46. f7+ Kxf7 47. Qf4+
Kg8 48. Qxf8+ Kxf8 49. Bd6+ Kf7 50. Bxb4 Bb7 51. Bd6 Bc8 52. Bc6 h5 53. b4 Ba6
54. b5 Bc8 55. b6 g5 56. b7 Bxb7 57. Bxb7 Kf6 58. Be5+ Kf7 59. Bc8 g4 60. Bd6
Kf6 61. Bd7 Kf7 62. f3 Kf6 63. Be5+ Kf7 64. Bb5 Ke7 65. fxg4 hxg4 66. Be2 Kf7
67. Bxg4 Ke7 68. Bh5 Kd7 69. g4 Ke7 70. g5 Kf8 71. g6 Kg8 72. Bg4 Kf8 73. Bxe6
Ke7 74. Bxd5 Kf8 75. Bf6 Ke8 76. Be6 Kf8 77. g7+ Ke8 78. g8=R# 1-0

[Event "FIDE World Rapid Team"]
[Site "Almaty KAZ"]
[Date "2024.08.02"]
[Round "3.28"]
[White "Shakhman, Asanali"]
[Black "Kovanova, Mariya"]
[Result "0-1"]
[BlackTitle "WFM"]
[WhiteElo "1537"]
[BlackElo "2118"]
[WhiteTeam "Baiterekchess"]
[BlackTeam "Helicopter"]
[WhiteFideId "447018860"]
[BlackFideId "13704818"]
[EventDate "2024.08.02"]

1. e4 d5 2. exd5 Qxd5 3. Nf3 Nf6 4. Be2 Bf5 5. O-O e6 6. d4 Nc6 7. c4 Qd7 8. Nc3
Rd8 9. Be3 Be7 10. Re1 O-O 11. Nh4 Ne4 12. Nxf5 exf5 13. Nxe4 fxe4 14. d5 Ne5
15. Qd4 Qf5 16. Qxa7 b6 17. Qa4 Rd6 18. Bd4 Nf3+ 19. Bxf3 exf3 20. Be5 Rg6 21.
Bg3 Bd6 22. gxf3 Qxf3 23. Qb3 Qg4 24. Rac1 h5 25. Kh1 h4 26. Rg1 hxg3 27. Rxg3
Bxg3 28. fxg3 Qe4+ 29. Kg1 Re8 30. Rf1 Qd4+ 31. Kg2 Re2+ 32. Kh1 Qe4+ 33. Qf3
Qxf3+ 34. Rxf3 Rf6 35. Rxf6 gxf6 36. b3 Rxa2 0-1

[Event "FIDE World Rapid Team"]
[Site "Almaty KAZ"]
[Date "2024.08.02"]
[Round "3.31"]
[White "Malyi, Viacheslav"]
[Black "Nyshanbayev, Bolat"]
[Result "1-0"]
[WhiteTitle "FM"]
[WhiteElo "2391"]
[BlackElo "2091"]
[WhiteTeam "KRG-Team"]
[BlackTeam "VKO Team"]
[WhiteFideId "14123983"]
[BlackFideId "13704435"]
[EventDate "2024.08.02"]

1. e4 d6 2. d4 Nf6 3. Nc3 e5 4. Nf3 Nbd7 5. Bc4 Be7 6. O-O O-O 7. a4 a5 8. Re1
c6 9. d5 Nb6 10. Bb3 cxd5 11. Nxd5 Nfxd5 12. Bxd5 Qc7 13. Bb3 Be6 14. Be3 Nc4
15. Bxc4 Qxc4 16. b3 Qc6 17. c4 f5 18. Ng5 Bxg5 19. Bxg5 Rf7 20. exf5 Rxf5 21.
Qd2 d5 22. Bh4 dxc4 23. bxc4 Bxc4 24. Bg3 e4 25. Qd4 Qd5 26. Qb6 Rf6 27. Qc7 Rd8
28. Bh4 Rd7 29. Qb8+ Rf8 30. Qa7 b5 31. Qxa5 Ra8 32. Qb4 bxa4 33. Rxa4 Rxa4 34.
Qxa4 h6 35. h3 Kh7 36. Bg3 Bd3 37. Qb4 Rb7 38. Qf8 Rb1 39. Rxb1 Bxb1 40. Qe7 Qg5
41. Qd6 Bc2 42. Bf4 Qf6 43. Qd2 Bb1 44. Be3 Ba2 45. Bd4 Qe6 46. Qf4 Bd5 47. Qc7
Qf7 48. Qe5 Bb7 49. Kh2 Qf6 50. Qc5 Qf4+ 51. Kg1 Qf7 52. Qd6 Qd5 53. Qb4 Bc6 54.
Qc3 e3 55. f3 e2 56. Kf2 Bb5 57. Qe3 Qa2 58. Kg3 Qb1 1-0

[Event "FIDE World Rapid Team"]
[Site "Almaty KAZ"]
[Date "2024.08.02"]
[Round "3.32"]
[White "Shevchenko, Alexandr"]
[Black "Altynbekuly, Madiyar"]
[Result "0-1"]
[WhiteElo "1814"]
[BlackElo "2114"]
[WhiteTeam "VKO Team"]
[BlackTeam "KRG-Team"]
[WhiteFideId "13756478"]
[BlackFideId "13736264"]
[EventDate "2024.08.02"]

1. e4 c5 2. Nf3 d6 3. d4 cxd4 4. Nxd4 Nf6 5. Nc3 Nc6 6. Be3 Ng4 7. Bg5 Qb6 8.
Bb5 Bd7 9. h3 Nxf2 10. Kxf2 Qxd4+ 11. Be3 Qf6+ 12. Qf3 e6 13. Qxf6 gxf6 14. Rhf1
Be7 15. Rad1 Ne5 16. Kg1 a6 17. Bxd7+ Kxd7 18. Bf4 Ke8 19. Ne2 Rc8 20. c3 Rg8
21. Kh2 Rc4 22. Ng3 h5 23. Rd4 h4 24. Bxe5 Rxd4 25. Bxd4 hxg3+ 26. Kg1 e5 27.
Be3 Kd7 28. Rf3 Ke6 29. Bd2 Rd8 30. c4 Rc8 31. b3 b5 32. Rxg3 bxc4 33. Rc3 d5
34. exd5+ Kxd5 35. Rxc4 Rxc4 36. bxc4+ Kxc4 37. h4 Kd3 38. Bh6 e4 39. h5 e3 40.
Bxe3 Kxe3 41. h6 f5 42. Kh2 Kf4 43. Kh3 Kg5 44. h7 Bf6 45. Kg3 Be5+ 46. Kf3 Kg6 0-1

[Event "FIDE World Rapid Team"]
[Site "Almaty KAZ"]
[Date "2024.08.02"]
[Round "3.33"]
[White "Kozhabekov, Adilkhan"]
[Black "Sadybekov, Adilzhan"]
[Result "0-1"]
[WhiteElo "1855"]
[BlackElo "1674"]
[WhiteTeam "KRG-Team"]
[BlackTeam "VKO Team"]
[WhiteFideId "13702858"]
[BlackFideId "13764799"]
[EventDate "2024.08.02"]

1. e4 e6 2. b3 d5 3. Bb2 dxe4 4. Nc3 Nf6 5. Qe2 Nbd7 6. Nxe4 Nxe4 7. Qxe4 Nf6 8.
Qf3 Bd6 9. Bd3 Qe7 10. Ne2 e5 11. Ng3 c6 12. Bf5 g6 13. Bxc8 Rxc8 14. O-O O-O
15. Rfe1 Rfe8 16. Rad1 c5 17. d3 Rc6 18. Bc1 Nd7 19. Qg4 Qe6 20. Qf3 f5 21. h4
Nf6 22. Bg5 Re7 23. c3 Kg7 24. Qe2 h6 25. Bc1 Kh7 26. Qd2 Ng8 27. f4 Qf6 28. h5
exf4 29. Rxe7+ Nxe7 30. Ne2 g5 31. d4 cxd4 32. cxd4 Nd5 33. Qa5 Qe6 34. Kf2 Ra6
35. Qb5 Rb6 36. Qd3 Nb4 37. Qb1 Qe4 38. Qxe4 fxe4 39. Nc3 e3+ 40. Ke2 Ra6 41. a4
Rc6 42. Bb2 a6 43. Kf3 Rc8 44. Ne4 Be7 45. d5 Rc2 46. Be5 e2 47. Rh1 Nxd5 48.
Re1 Ne3 49. g4 Nf1 50. Bf6 Bb4 51. Rxe2 Nh2+ 52. Kf2 Nxg4+ 53. Kf1 Rxe2 54. Kxe2
Nxf6 55. Nxf6+ Kg7 56. Nd5 Bd6 57. Kf3 Kf7 58. Kg4 Ke6 59. Nc3 Ke5 60. Nd1 Bc5
61. Nb2 Ke4 62. Nc4 b5 63. axb5 axb5 64. Nd2+ Ke3 65. Nf3 Bd6 66. Ng1 Kf2 67.
Nf3 Ke3 68. Ne1 Bc5 69. Nf3 Bd4 70. Nh2 Kd3 71. Kf5 Ke2 72. Kg4 Kf2 73. Nf3 Bc3
74. Nh2 Kg2 75. Nf3 b4 0-1

[Event "FIDE World Rapid Team"]
[Site "Almaty KAZ"]
[Date "2024.08.02"]
[Round "3.34"]
[White "Serikov, Merey"]
[Black "Kazhiakhmetova, Yerkenaz"]
[Result "0-1"]
[WhiteElo "1616"]
[BlackElo "1602"]
[WhiteTeam "VKO Team"]
[BlackTeam "KRG-Team"]
[WhiteFideId "13734067"]
[BlackFideId "13777610"]
[EventDate "2024.08.02"]

1. d4 Nf6 2. c4 c6 3. Nf3 d5 4. Nc3 g6 5. Bf4 Bg7 6. e3 O-O 7. Bd3 Nbd7 8. c5 h6
9. b4 Nh5 10. Bg3 Nxg3 11. hxg3 Qc7 12. Qc2 e5 13. Be2 exd4 14. Nxd4 a5 15. Qb3
axb4 16. Qxb4 Qa5 17. Rb1 Qxb4 18. Rxb4 Nxc5 19. O-O Ne6 20. Rfb1 c5 21. Nxe6
cxb4 22. Nc7 bxc3 23. Nxa8 Bf5 24. Rc1 Rxa8 25. g4 Bd7 26. a4 Rxa4 27. Bd1 Rb4
28. f3 Ba4 29. Bxa4 Rxa4 30. Kf2 Ra2+ 31. Kf1 c2 32. Rxc2 Ra8 0-1

[Event "FIDE World Rapid Team"]
[Site "Almaty KAZ"]
[Date "2024.08.02"]
[Round "3.35"]
[White "Magzumov, Damirali"]
[Black "Tulekenova, Aiza"]
[Result "1-0"]
[WhiteElo "1756"]
[BlackElo "1581"]
[WhiteTeam "KRG-Team"]
[BlackTeam "VKO Team"]
[WhiteFideId "13727117"]
[BlackFideId "13763881"]
[EventDate "2024.08.02"]

1. e4 c5 2. Nf3 d6 3. d4 cxd4 4. Nxd4 Nf6 5. Nc3 a6 6. Bg5 e6 7. f4 Be7 8. Qf3
h6 9. Bh4 Qc7 10. O-O-O Nbd7 11. g4 g5 12. fxg5 Ne5 13. Qg3 Nfxg4 14. gxh6 Bxh4
15. Qxh4 Rxh6 16. Qg3 b5 17. Be2 Nf6 18. Bxb5+ axb5 19. Ndxb5 Qc5 20. Nxd6+ Kf8
21. Rhf1 Ba6 22. Qf4 Neg4 23. Rf3 Ra7 24. h3 e5 25. Qd2 Rg6 26. hxg4 Nxg4 27.
Nf5 Nf6 28. Qd8+ Ne8 29. Qh4 f6 30. Qh8+ Rg8 31. Qh6+ Kf7 32. Nd6+ Ke7 33. Qh7+
Rg7 34. Nf5+ Ke6 35. Nxg7+ Rxg7 36. Qh3+ Kf7 37. Nd5 Kf8 38. Qd7 1-0

[Event "FIDE World Rapid Team"]
[Site "Almaty KAZ"]
[Date "2024.08.02"]
[Round "3.36"]
[White "Niyazbek, Nurtileu"]
[Black "Amangeldinov, Alkey"]
[Result "1-0"]
[WhiteElo "1578"]
[BlackElo "1721"]
[WhiteTeam "VKO Team"]
[BlackTeam "KRG-Team"]
[WhiteFideId "13765337"]
[BlackFideId "13770268"]
[EventDate "2024.08.02"]

1. e4 c6 2. d4 d5 3. exd5 cxd5 4. Nf3 Nf6 5. Bd3 Nc6 6. O-O Bg4 7. c3 e6 8. h3
Bxf3 9. Qxf3 h6 10. Bf4 Bd6 11. Nd2 O-O 12. Nb3 Rc8 13. Rfe1 Bxf4 14. Qxf4 Na5
15. g4 Nc4 16. Re2 Qd6 17. Qf3 Rfe8 18. Bxc4 dxc4 19. Nc5 b6 20. Ne4 Nd5 21.
Nxd6 Ra8 1-0

[Event "FIDE World Rapid Team"]
[Site "Almaty KAZ"]
[Date "2024.08.02"]
[Round "3.37"]
[White "von Gleich, Alexander"]
[Black "Balguzhinov, Bakhyt"]
[Result "1-0"]
[WhiteTitle "FM"]
[WhiteElo "2214"]
[BlackElo "2155"]
[WhiteTeam "Chess Dream"]
[BlackTeam "Chessacademy_pvl"]
[WhiteFideId "4603869"]
[BlackFideId "13703854"]
[EventDate "2024.08.02"]

1. Nf3 g6 2. d4 Bg7 3. c4 c5 4. e4 d6 5. dxc5 Qa5+ 6. Bd2 Qxc5 7. Nc3 Nf6 8. Be2
O-O 9. O-O a6 10. Be3 Qa5 11. Nd4 Nc6 12. Nb3 Qd8 13. f3 Rb8 14. Rc1 Be6 15. Nd5
Nd7 16. Qd2 Re8 17. Kh1 f5 18. exf5 Bxf5 19. Bh6 Bh8 20. g4 Be6 21. f4 Nf6 22.
f5 Bf7 23. fxg6 Bxg6 24. Bd3 e6 25. Bxg6 hxg6 26. Qg5 Ne5 27. Nxf6+ Bxf6 28.
Rxf6 Qd7 29. Rxg6+ Nxg6 30. Qxg6+ Kh8 31. Bg5 Rf8 32. Bf6+ Rxf6 33. Qxf6+ Kg8
34. Qg6+ Kh8 35. Rc3 1-0

[Event "FIDE World Rapid Team"]
[Site "Almaty KAZ"]
[Date "2024.08.02"]
[Round "3.38"]
[White "Prokoptsov, Mikhail"]
[Black "Bulatov, Ramil"]
[Result "0-1"]
[WhiteElo "1702"]
[BlackElo "2137"]
[WhiteTeam "Chessacademy_pvl"]
[BlackTeam "Chess Dream"]
[WhiteFideId "447005122"]
[BlackFideId "4166140"]
[EventDate "2024.08.02"]

1. f4 d5 2. Nf3 g6 3. g3 Bg7 4. Bg2 Nh6 5. O-O O-O 6. d3 c6 7. e4 dxe4 8. dxe4
Qb6+ 9. Kh1 Bxb2 10. Bxb2 Qxb2 11. Nbd2 Ng4 12. Nc4 Qc3 13. Qe2 b6 14. Nce5 Ne3
15. Rfe1 Nxg2 16. Qxg2 Nd7 17. Rad1 Nxe5 18. Nxe5 Be6 19. Qd2 Qxd2 20. Rxd2 Rfc8
21. a3 f6 22. Nf3 Rd8 23. Red1 Rxd2 24. Rxd2 c5 25. e5 Kf7 26. Kg1 Ke8 27. Kf2
Rd8 28. exf6 exf6 29. Ke3 Rxd2 30. Nxd2 Bf5 31. c3 Kd7 32. Kf3 h5 33. Ke3 Kc6
34. c4 a6 35. h4 b5 36. cxb5+ axb5 37. Ne4 Bxe4 38. Kxe4 f5+ 39. Ke5 b4 40. axb4
cxb4 41. Kd4 Kb5 42. Kd3 Kc5 43. Kd2 Kd4 44. Ke2 Ke4 45. g4 fxg4 46. f5 gxf5 47.
Kd2 f4 48. Kc2 g3 49. Kb3 g2 50. Kxb4 g1=Q 51. Kb5 Qc1 52. Kb6 Kd5 0-1

[Event "FIDE World Rapid Team"]
[Site "Almaty KAZ"]
[Date "2024.08.02"]
[Round "3.39"]
[White "Lysakov, Anton"]
[Black "Derksen, Vadim"]
[Result "0-1"]
[WhiteElo "1947"]
[BlackElo "1735"]
[WhiteTeam "Chess Dream"]
[BlackTeam "Chessacademy_pvl"]
[WhiteFideId "4193750"]
[BlackFideId "13737244"]
[EventDate "2024.08.02"]

1. e4 c5 2. Nf3 Nc6 3. Bb5 g6 4. O-O Bg7 5. c3 d5 6. e5 Qc7 7. d4 cxd4 8. cxd4
Bg4 9. Nc3 Bxf3 10. Qxf3 e6 11. Bxc6+ Qxc6 12. Bg5 h6 13. Be3 Ne7 14. Rac1 Qd7
15. Qe2 a6 16. Qd2 h5 17. b3 b5 18. Ne2 O-O 19. Rc5 Rfc8 20. Rfc1 Nf5 21. Bg5
Bf8 22. b4 Bxc5 23. bxc5 a5 24. Bf6 Kh7 25. Qg5 b4 26. f3 Rh8 27. g4 Ng7 28.
gxh5 Nxh5 29. Bxh8 Rxh8 30. Nf4 Nxf4 31. Qxf4 Qc7 32. Qf6 a4 33. Rb1 Rb8 34.
Qh4+ Kg7 35. Qf6+ Kf8 36. Kf2 Rb5 37. Rg1 Ke8 38. Rg3 Qe7 39. Qf4 b3 40. axb3
axb3 41. Qc1 b2 42. Qb1 Qh4 43. Kg2 Qf4 44. Qa2 b1=Q 45. Qa8+ Rb8 46. Qc6+ Kf8
47. Qd6+ Kg7 0-1

[Event "FIDE World Rapid Team"]
[Site "Almaty KAZ"]
[Date "2024.08.02"]
[Round "3.40"]
[White "Ivlev, Andrey"]
[Black "Minnekhanov, Eldar"]
[Result "1-0"]
[WhiteElo "1578"]
[BlackElo "1750"]
[WhiteTeam "Chessacademy_pvl"]
[BlackTeam "Chess Dream"]
[WhiteFideId "13747991"]
[BlackFideId "13705660"]
[EventDate "2024.08.02"]

1. e4 d6 2. d4 Nf6 3. Bd3 c6 4. c3 e5 5. dxe5 dxe5 6. Bg5 Be7 7. Nf3 Qc7 8. Nbd2
O-O 9. O-O Be6 10. Re1 Nbd7 11. h3 Rad8 12. Qc2 b5 13. Rac1 a5 14. Bf1 a4 15. c4
Qb7 16. cxb5 cxb5 17. a3 Rc8 18. Qd3 b4 19. axb4 Qxb4 20. Qb5 Rb8 21. Qxb4 Rxb4
22. Rc2 Rfb8 23. Rb1 Ba2 24. Ra1 Rxb2 25. Rxa2 a3 26. Nc4 Rxc2 27. Rxc2 Rb1 28.
Nfd2 Ra1 29. Nb3 Rb1 30. Ncd2 Re1 31. Ra2 Bb4 32. f3 Nc5 33. Kf2 Rd1 34. Ke2
Bxd2 35. Kxd1 Ncxe4 36. Bxd2 Ng3 37. Bd3 h5 38. Rxa3 g6 39. Be1 h4 40. Bxg3 hxg3
41. Ra8+ Kg7 42. Be4 Nh5 43. Ke2 Nf4+ 44. Kf1 f5 45. Bc2 Nd5 46. Bd3 Nf4 47. Bc4
Kf6 48. h4 Kg7 49. Rg8+ Kh6 50. Re8 e4 51. fxe4 fxe4 52. Rxe4 Nh5 53. Re3 Nf6
54. Rxg3 Ne4 55. Re3 Nd6 56. Be6 Kh5 57. g3 Nb5 58. Re5+ 1-0

[Event "FIDE World Rapid Team"]
[Site "Almaty KAZ"]
[Date "2024.08.02"]
[Round "3.41"]
[White "Bozhgulova, Zaynabkhan"]
[Black "Semenov, Miroslav"]
[Result "1-0"]
[WhiteElo "1605"]
[BlackElo "1512"]
[WhiteTeam "Chess Dream"]
[BlackTeam "Chessacademy_pvl"]
[WhiteFideId "13727443"]
[BlackFideId "447010525"]
[EventDate "2024.08.02"]

1. b3 d5 2. Bb2 c5 3. e3 Nc6 4. Nf3 Nf6 5. Be2 e6 6. O-O Be7 7. d4 O-O 8. c4
cxd4 9. Nxd4 a6 10. Nd2 Qc7 11. Rc1 Bd7 12. Nxc6 Bxc6 13. cxd5 Nxd5 14. Bf3 Rad8
15. a3 Qb8 16. Qe2 Bb5 17. Nc4 Nb6 18. Rfd1 Rc8 19. Be4 f5 20. Bd3 Nxc4 21. Bxc4
Bxc4 22. Rxc4 Rxc4 23. Qxc4 Qc8 24. Qe2 Rd8 25. h3 Qc6 26. Rxd8+ Bxd8 27. Qd3
Bf6 28. Bxf6 gxf6 29. Qd8+ Kf7 30. Qh8 Qc1+ 31. Kh2 Qc7+ 32. g3 Kg6 33. Qg8+ Kh6
34. Qf8+ Qg7 35. Qxg7+ Kxg7 36. Kg2 e5 37. Kf3 h5 38. e4 fxe4+ 39. Kxe4 Kg6 40.
h4 Kg7 41. Kf5 Kf7 42. f3 b6 43. g4 hxg4 44. fxg4 a5 45. a4 Ke7 46. g5 fxg5 47.
hxg5 Kf7 48. Kxe5 Kg6 49. Kd6 Kxg5 50. Kc6 Kf6 51. Kxb6 Ke6 52. Kxa5 Kd6 53. Kb6 1-0

[Event "FIDE World Rapid Team"]
[Site "Almaty KAZ"]
[Date "2024.08.02"]
[Round "3.42"]
[White "Sembay, Aisana"]
[Black "Yessengali, Alikhan"]
[Result "1-0"]
[WhiteElo "1527"]
[BlackElo "1529"]
[WhiteTeam "Chessacademy_pvl"]
[BlackTeam "Chess Dream"]
[WhiteFideId "13791281"]
[BlackFideId "447015020"]
[EventDate "2024.08.02"]

1. e4 Nf6 2. e5 Nd5 3. c4 Nb6 4. d4 d6 5. exd6 cxd6 6. Bd3 Nc6 7. Ne2 g6 8. Nbc3
Bg7 9. Be3 O-O 10. O-O e5 11. dxe5 dxe5 12. b3 Nd4 13. Rc1 Re8 14. Qd2 Nxe2+ 15.
Bxe2 Qxd2 16. Bxd2 Be6 17. Rfd1 a6 18. Be3 Nd7 19. Nd5 Rac8 20. Rc2 Nf6 21. Nb6
Rcd8 22. Rcd2 Rxd2 23. Rxd2 Ne4 24. Rd3 Bf8 25. Bf3 Nc5 26. Rd1 e4 27. Be2 f5
28. Nd5 Kf7 29. Nc7 Rc8 30. Nxe6 Kxe6 31. h3 b6 32. g4 Bd6 33. gxf5+ gxf5 34. f3
Rg8+ 35. Kf1 f4 36. Bc1 e3 37. Bd3 Nxd3 38. Rxd3 Rg3 39. Ke2 Rxh3 40. Rd4 Rh2+
41. Kd1 e2+ 42. Ke1 Bb4+ 43. Bd2 Bxd2+ 44. Kxd2 Ke5 45. Re4+ Kf5 46. b4 h5 47.
c5 bxc5 48. bxc5 Rg2 49. c6 Rg7 50. Kxe2 h4 51. Rc4 Rc7 52. Kf2 Ke5 53. Kg2 Kd5
54. Rxf4 Rxc6 55. Kh3 Rc2 56. a4 Kc5 57. Kxh4 Rf2 58. Kg3 Ra2 59. Re4 Ra3 60.
Kg4 Kd5 61. Rb4 Kc5 62. Rf4 Kd5 63. Rf5+ Kc6 64. a5 Kd7 65. f4 Ke6 66. Rh5 Kf7
67. Rc5 Ra4 68. Kf5 Ra1 69. Rc7+ Ke8 70. Rc5 Kf7 71. Ke5 Re1+ 72. Kd6 Re4 73. f5
Kf6 74. Kc7 Rb4 75. Rc6+ Kxf5 76. Rxa6 Ke5 77. Rb6 Ra4 78. a6 Kd5 79. Kb7 Kc5
80. a7 Ra2 81. Rb1 1-0

[Event "FIDE World Rapid Team"]
[Site "Almaty KAZ"]
[Date "2024.08.02"]
[Round "3.43"]
[White "Serikgali Daulet"]
[Black "Shonazarov, Orash"]
[Result "0-1"]
[BlackTitle "FM"]
[WhiteElo "1571"]
[BlackElo "2277"]
[WhiteTeam "Abai's Gambit Pioneers"]
[BlackTeam "Chess Empire"]
[WhiteFideId "13780468"]
[BlackFideId "13737910"]
[EventDate "2024.08.02"]

1. e4 c5 2. Nf3 d6 3. d4 cxd4 4. Qxd4 a6 5. c4 Nc6 6. Qe3 Nf6 7. Nc3 e6 8. Be2
Be7 9. O-O O-O 10. h3 Qc7 11. Rd1 b6 12. b3 Ne5 13. Ba3 Nxf3+ 14. Bxf3 Bb7 15.
Rac1 Rfd8 16. Na4 Nd7 17. Rc3 Bc6 18. Nb2 Ne5 19. Nd3 Nxf3+ 20. Qxf3 Qb7 21. Re1
f5 22. Qg3 Bxe4 23. Nf4 Bf6 24. Nxe6 Re8 25. Nf4 Bxc3 26. Qxc3 Bc6 27. Rd1 Re4
28. Qg3 Qe7 29. Rxd6 Qe5 30. Rxc6 Qxf4 31. Qxf4 Rxf4 32. Rxb6 Re4 33. Bd6 a5 34.
c5 Re6 35. a3 h5 36. b4 axb4 37. axb4 Kh7 38. h4 Ra2 39. Bf4 Ree2 40. Be3 f4 41.
Bxf4 Rxf2 42. g3 Rfb2 0-1

[Event "FIDE World Rapid Team"]
[Site "Almaty KAZ"]
[Date "2024.08.02"]
[Round "3.44"]
[White "Nurgalimov, Chingis"]
[Black "Almazuly, Azamat"]
[Result "1-0"]
[WhiteElo "2035"]
[BlackElo "1720"]
[WhiteTeam "Chess Empire"]
[BlackTeam "Abai's Gambit Pioneers"]
[WhiteFideId "4194292"]
[BlackFideId "447002646"]
[EventDate "2024.08.02"]

1. e4 c5 2. Nf3 Nc6 3. Nc3 g6 4. d4 cxd4 5. Nxd4 Bg7 6. Be3 Nf6 7. Nxc6 bxc6 8.
e5 Ng8 9. f4 Nh6 10. Qd2 O-O 11. Bc4 Nf5 12. Bf2 d6 13. O-O-O Bb7 14. g4 Nh6 15.
Qe2 Qc7 16. Bg3 Rad8 17. h3 Kh8 18. Rhe1 d5 19. Bb3 e6 20. Bf2 c5 21. Nb5 Qb6
22. Nd6 Rxd6 23. exd6 Qxd6 24. Qe3 d4 25. Qg3 Qc6 26. Bc4 Ba6 27. Bxa6 Qxa6 28.
a3 Qb6 29. Qb3 Qc7 30. Bg3 Rb8 31. Qc4 Qb6 32. b3 Qa5 33. a4 Rb4 34. Qe2 c4 35.
bxc4 Qxa4 36. Rd3 Rxc4 37. Red1 Qa1+ 38. Kd2 Qa5+ 39. Kc1 Kg8 40. Qe4 Bf8 41.
Qa8 Kg7 42. Rb3 Qa1+ 43. Kd2 Qa5+ 44. Kc1 Qc5 45. Qe4 Kg8 46. Bf2 Qa5 47. Bxd4
Ba3+ 48. Kb1 Bf8 49. Qe5 Qxe5 50. Bxe5 a5 51. Rd8 Rb4 52. Rxb4 axb4 53. Bd6 1-0

[Event "FIDE World Rapid Team"]
[Site "Almaty KAZ"]
[Date "2024.08.02"]
[Round "3.45"]
[White "Kalikhan, Abilmansur"]
[Black "Ermekbaev, Iliyas"]
[Result "1-0"]
[WhiteElo "1670"]
[BlackElo "1621"]
[WhiteTeam "Abai's Gambit Pioneers"]
[BlackTeam "Chess Empire"]
[WhiteFideId "447010908"]
[BlackFideId "13784420"]
[EventDate "2024.08.02"]

1. f4 d5 2. Nf3 g6 3. e3 Bg7 4. Be2 Nf6 5. O-O O-O 6. d4 a6 7. a4 b6 8. b3 Nbd7
9. Ne5 Ne4 10. Bb2 Ndf6 11. Nd2 a5 12. Bd3 Nxd2 13. Qxd2 Ba6 14. Ba3 Re8 15.
Bxa6 Rxa6 16. Qd3 Ra8 17. f5 g5 18. c4 e6 19. fxe6 fxe6 20. Rac1 Ne4 21. Nf7 Qd7
22. cxd5 exd5 23. Qe2 g4 24. Rf4 g3 25. hxg3 Nxg3 26. Qf3 Ne4 27. Qh5 Nf6 28.
Nh6+ Kh8 29. Qg5 Bxh6 30. Qxh6 Ng4 31. Qh3 Rg8 32. Rcf1 Qg7 33. Rf7 Qg6 34. Be7
h5 35. Bf6+ Nxf6 36. R1xf6 Qg5 37. Rf5 Qh6 1-0